| 000 | 00930nam2a22002651 4500 | ||
|---|---|---|---|
| 001 | rc\3240369 | ||
| 005 | 20250609194638.0 | ||
| 021 |
_aRU _b[75-77] |
||
| 035 | _a(NLR Aleph) 007475399 | ||
| 090 |
_a7459420 _c7459420 |
||
| 100 | _a20130115d1974 |||y0rusy50 ca | ||
| 101 | 0 | _arus | |
| 102 | _aRU | ||
| 105 | _aa z ||||| | ||
| 200 | 0 | _aЧ. 2 | |
| 210 |
_d1974 _aБ. м. |
||
| 215 |
_a172 с. _cил. |
||
| 225 | 1 |
_a[... _v№ 24] |
|
| 320 | _aСписок лит.: с. 170-171 | ||
| 461 | 0 |
_1001rc\3240367 _12001#$aКостюм для сцены$vЧ. 2 _1700#1$aЗахаржевская$bР.В.$gРаиса Владимировна _97459404 _aЗахаржевская, Р.В. _cМосква _d1973- _e2-е изд., перераб. и доп. [Ч. 1]- _nСов. Россия _tКостюм для сцены _vЧ. 2 |
|
| 801 | 0 |
_aRU _bNLR _gpsbo |
|
| 801 | 1 |
_aRU _bELAR _2rusmarc |
|
| 852 |
_aNLR _j73-5/6024 |
||
| 942 | _cBOOK | ||
| 980 | _aNB | ||